| 000 | 00980cam a22002895a 4500 | ||
|---|---|---|---|
| 001 | 017390031 | ||
| 003 | OSt | ||
| 005 | 20160531113737.0 | ||
| 008 | 150601s2015 enka frb 001 0 eng d | ||
| 020 | _a9781138791022 (pbk.) | ||
| 040 |
_aStDuBDS _beng _cStDuBDS _dEG-ScBUE |
||
| 082 | 0 | 4 |
_a690.21 _222 _bBUI |
| 245 | 0 | 0 |
_aBuilding dynamics : _bexploring architecture of change / _cedited by Branko Kolarevic & Vera Parlac. |
| 260 |
_aOxon ; _aNew York : _bRoutledge / Taylor & Francis Group, _c2015. |
||
| 300 |
_avi, 298 p. : _bill. ; _c25 cm. |
||
| 500 | _aIndex : p. 295-298. | ||
| 504 | _aIncludes bibliographical references. | ||
| 650 | 7 |
_aIntelligent buildings. _2BUEsh _940095 |
|
| 650 | 7 |
_aSmart structures. _2BUEsh _94907 |
|
| 650 | 7 |
_aStructural dynamics. _2BUEsh _912018 |
|
| 651 | _2BUEsh | ||
| 653 |
_bENGARC _cMay2016 |
||
| 700 | 1 |
_aParlac, Vera, _eeditor. |
|
| 700 | 1 |
_aKolarevic, Branko, _d1963- _eeditor. |
|
| 776 | 0 | 8 |
_iebook version _z9781317650782 |
| 942 | _2ddc | ||
| 999 |
_c21828 _d21800 |
||